000 00445nam a2200145Ia 4500
008 220217s9999||||xx |||||||||||||| ||und||
020 _a81-7758-671-8
082 _a005.13 ALU
100 _aAlur, Deepak. Crupi, John and Malks, Dan
_95604
245 0 _aCore J2EE patterns best practices and design strategies
250 _a2nd
260 _aPearson educationof asia
_bNew Delhi
_c2007
300 _b475
650 _aPROGRAMMING LANGUAGE
999 _c176633
_d176633